000 00285nam a22001337a 4500
008 180918b xxu||||| |||| 00| 0 eng d
020 _a047109725
041 _aeng
080 _a004
100 _a30
101 _aSHK
245 _aLinear Programing
_cMury.G.K
942 _2udc
_cBK
999 _c47931
_d47931